Responses for show #6533 - Wednesday, January 30, 2013

2013 Teen Tournament quarterfinal game 1.

Contestants

Irene Vazquez, an eighth grader from Houston, Texas

Kelton Ellis, a junior from Macon, Georgia

Lila Anderson, a junior from Minnetonka, Minnesota

Jeopardy! Round responses

THE STATE OF THE MALL
YOU'RE GONNA NEED CAR INSURANCE
(Alex: ...one of these days.)
BODY LANGUAGE
I AM YOUR LEADER
FOLLOW ME
ON FACEBOOK & TWITTER
    $200 11
Virginia

Kelton
    $200 6
State Farm

Kelton
    $200 16
the foot

Lila
    $200 1
leader of the free world

Irene
    $200 27
Matthew

Irene
    $200 21
Rihanna

Irene
    $400 12
Tennessee

Irene
    $400 7
GEICO

Irene
    $400 17
skin

Irene
    $400 2
Iran

Lila
    $400 28
Big Bird

Irene
    $400 22
soccer

Kelton
    $600 13
(Irene: What is Minnesota?)

New York

LilaIrene
    $600 8
Farmers

Irene
    $600 18
(Lila: What is your nose?)

your finger

Lila
Triple Stumper
    $600 3
principal

Lila
    $600 29
follow-through

Irene
    $600 23
Kim Kardashian

Lila
    $1,400 14
Washington

Lila
    $800 9
Progressive

Lila
    $800 19
the bone

Irene
    $800 4
chancellor

Irene
    $800 26
card playing

Irene
    $800 24
Star Trek

Kelton
    $1000 15
(Lila: What is... New York City?)

Nevada

Lila
Triple Stumper
    $1000 10
(Lila: What is Nationwide?)

Allstate

Lila
Triple Stumper
    $1000 20
(Kelton: What is... feet?)

livered

LilaKelton
    $1000 5
(Hugo) Chávez

Kelton
    $1000 30
(Kelton: What is die?)

get out of the way

Kelton
Triple Stumper
    $1000 25
(Kelton: Who is Christina Aguilera?)
(Lila: Who is Mariah Carey?)

Shakira

LilaKelton
Triple Stumper

Scores at the first commercial break (after clue 15):

Lila Kelton Irene
$1,800 $1,400 $1,800

Scores at the end of the Jeopardy! Round:

Lila Kelton Irene
$2,000 -$400 $5,200

Double Jeopardy! Round responses

THE AUTHOR'S CHARACTERS
MTV MOVIE AWARDS
"DC"
(Alex: Those two letters coming up in that order in each correct response.)
ANNUAL EVENTS
ELECTRICITY
POMPEII
    $400 11
Dr. Seuss

Irene
    $400 6
(Lila: What is The Fellowship of the Rings?)
...
(Alex: Lila, although it is The Lord of the Rings, it is [*], singular.)

The Fellowship of the Ring

Lila
Triple Stumper
    $400 16
a sandcastle

Lila
    $400 21
Michigan

Kelton
    $400 25
(Irene: What is static?)

the electrons

LilaIrene
    $400 1
Vesuvius

Kelton
    $800 8
Stephenie Meyer

Lila
    $800 7
Will Smith

Kelton
    $800 17
(Irene: What is a... cage?)
...
(Alex: "DC" coming up in that order.)

a birdcage

KeltonIrene
    $800 22
Cinco de Mayo

Lila
    $800 28
lightning

Kelton
    $800 2
beware the dog

Lila
    $1200 10
Lewis Carroll

Lila
    $1200 13
(Lila: What is Kicking & Screaming?)

Dodgeball

Lila
Triple Stumper
    $1200 18
(Lila: What is a bluffer?)
...
(Alex: "DC" coming up in that order.)

a wildcard

LilaIrene
    $1200 27
(Lila: What is the Iron Curtain speech?)
...
(Alex: [hesitating] Yes, the [*] Speech, or [*] Address.)

Gettysburg

LilaIrene
    $3,000 24
hydroelectric

Kelton
    $1200 3
Jupiter

Kelton
    $1600 9
James Fenimore Cooper

Triple Stumper
    $1600 14
Juno

Lila
    $1600 19
Redcoats

Irene
    $1600 26
(Lila: What is the iHeartMusic--)
(Alex: No.)
(Lila: --Radio?)

iHeartRadio

LilaIrene
    $1600 23
[ERRATUM: Voltage is stepped down and current is stepped up.]

transformers

Kelton
    $1,500 4
the Nile

Kelton
    $2000 12
Herman Melville

Lila
    $2000 15
Shailene Woodley

Triple Stumper
    $2000 20
bloodcurdling

Kelton
    $2000 30
(Lila: What is... Whitehorse?)

Calgary

Lila
Triple Stumper
    $2000 29
(Alex: Yes, for Alessandro Volta.)

a volt

Kelton
    $2000 5
(Kelton: What is marble?)
(Irene: What is plaster?)
(Alex: Be more specific.)

plaster of Paris

KeltonIrene

Scores at the end of the Double Jeopardy! Round:

Lila Kelton Irene
$2,400 $12,100 $12,000

Final Jeopardy! Round responses

HISTORIC QUOTES
(Alex: [To Kelton] And we'll accept that.)
LilaWho is Robert E. Lee?
$2,400
IreneWho was Robert E. Lee?
$3,000
KeltonWho is Lee?
$12,100
Robert E. Lee

Final scores:

Lila Kelton Irene
$4,800 $24,200 $15,000
3rd place: $5,000 if eliminated Automatic semifinalist 2nd place: $5,000 if eliminated

Game dynamics:

Coryat scores:

Lila Kelton Irene
$1,800 $10,400 $12,000
16 R
(including 1 DD),
10 W
16 R
(including 2 DDs),
4 W
18 R,
3 W

Combined Coryat: $24,200

The J! Archive is created by fans, for fans. The Jeopardy! game show and all elements thereof, including but not limited to copyright and trademark thereto, are the property of Jeopardy Productions, Inc. and are protected under law. This website is not affiliated with, sponsored by, or operated by Jeopardy Productions, Inc. Join the discussion at JBoard.tv.